| 000 | 00498nam a22001697a 4500 | ||
|---|---|---|---|
| 003 | URS | ||
| 005 | 20250129011904.0 | ||
| 008 | 250129b |||||||| |||| 00| 0 eng d | ||
| 020 | _a9789719655442 | ||
| 040 | _cURS | ||
| 050 | _aFIL QP 141 .N19 2023 | ||
| 100 |
_4author _aNatad, Maria Felisa |
||
| 245 |
_aCulinary nutrition : the Science and Art of healthy cooking / _cMaria Felisa Natad. |
||
| 260 |
_aManila, Philippines : _bMindshapers, _c2023 |
||
| 300 | _avi ; 166 p, 18 cm | ||
| 942 |
_2lcc _cF |
||
| 999 |
_c81914 _d81913 |
||